|
|
|
|
| LEADER |
00829nab#a2200301#ar4500 |
| 001 |
000059513 |
| 003 |
SVKKK |
| 005 |
20060518103943.0 |
| 008 |
050331c2006 xo e slo |
| FMT |
|
|
|
| 038 |
|
|
|a SVKKK
|
| 040 |
|
|
|a SVKKK
|b slo
|e AACR2
|
| 041 |
0 |
|
|a slo
|
| 044 |
|
|
|a xo
|c SK
|
| 080 |
|
|
|a 241.2
|2 1997
|
| 100 |
1 |
|
|a Servanský, Jozef
|4 ivr
|
| 245 |
1 |
0 |
|a Petícia za zmluvu o výhrade vo svedomí je iniciatívou zdola
|c Jozef Servanský, Pavol Martinický
|
| 300 |
|
|
|b Fotogr.
|
| 650 |
0 |
4 |
|a právo na výhradu svedomia
|x petície
|
| 651 |
|
4 |
|a Slovensko
|x zmluva o výhrade svedomia
|x Svätá stolica
|
| 700 |
1 |
|
|a Martinický, Pavol
|4 ive
|
| 773 |
0 |
|
|t Katolícke noviny
|x 0139-8512
|g Roč. 121, č. 8 (2006), s. 20
|
| 974 |
|
|
|a Čr
|
| 992 |
|
|
|a RBX
|
| BAS |
|
|
|
| 852 |
|
|
|a SVKKK
|b BIB
|
| EXP |
|
|
|
| 998 |
|
|
|a SLO
|